「ら」から始まる市町村 ( 廃止含む ) - Statistics

General Stats
  • This quiz has been taken 81 times
  • The average score is 3 of 6
Answer Stats
都道府県 存在期間 回答 % Correct
北海道 1930年~現在 羅臼町
85%
埼玉県 1967年~現在 嵐山町
77%
北海道 1954年~現在 蘭越町
75%
新潟県 1889年~1955年 来迎寺村
31%
埼玉県 1899年~1954年 礼羽村
8%
福岡県 1899年~1955年 雷山村
3%
No matching quizzes found
Score Distribution
Percent of People with Each Score
Percentile by Number Answered
Your Score History
You have not taken this quiz